Normal view
MARC view
Entry Personal Name
001 - CONTROL NUMBER
- control field: 264299
003 - CONTROL NUMBER IDENTIFIER
- control field: OSt
005 - DATE AND TIME OF LATEST TRANSACTION
- control field: 20260522104859.0
008 - FIXED-LENGTH DATA ELEMENTS
- fixed length control field: 260522|| aca||aabn | a|a d
040 ## - CATALOGING SOURCE
- Original cataloging agency: OSt
- Transcribing agency: OSt
100 ## - HEADING--PERSONAL NAME
- Personal name: VALLI Vagga psued Valerian Disoja
- Dates associated with a name: ವಲೇರಿಯನ್ ಡಿಸೋಜಾ
670 ## - SOURCE DATA FOUND
- Source citation: Work cat.: (OSt)215654: VALLI Vagga psued Valerian Disoja ವಲೇರಿಯನ್ ಡಿಸೋಜಾ , Khandi khuris: katha punjo, 2015